Cieľom nie je okamžite predať, ale generovať výnos

Urobiť slušný predaj, ktorý príde rýchlo a vo veľkom objeme, sa dá aj bez prvkov vernostného marketingu. Zložitejšie je udržať si zákazníka aj pre budúci nákup. Vernostné programy - Naše finančné družstvo (NFD), jeho budovanie a význam.

Uložené v:
Podrobná bibliografia
Hlavný autor: Cigánek, Martin
Médium: Kapitola
Jazyk:Slovak
Predmet:
Tagy: Pridať tag
Žiadne tagy, Buďte prvý, kto otaguje tento záznam!

MARC

LEADER 00000naa a2200000 4500
001 0166018
005 20231109070716.1
041 0 |a slo 
044 |a SK 
245 1 0 |a Cieľom nie je okamžite predať, ale generovať výnos  |c Martin Cigánek 
520 |a Urobiť slušný predaj, ktorý príde rýchlo a vo veľkom objeme, sa dá aj bez prvkov vernostného marketingu. Zložitejšie je udržať si zákazníka aj pre budúci nákup. Vernostné programy - Naše finančné družstvo (NFD), jeho budovanie a význam. 
610 2 0 |a marketing 
610 2 0 |a programy vernostné 
610 2 0 |a zákazníci 
610 2 0 |a kríza finančná 
100 1 |a Cigánek, Martin